| 000 | 00368nam a2200145Ia 4500 | ||
|---|---|---|---|
| 008 | 210716s1990 xx 000 0 und d | ||
| 041 | _aeng | ||
| 082 | _a005.138 OLIW | ||
| 100 | _aOliver, William M. | ||
| 245 | _aIllustrated autolisp. | ||
| 250 | _a1 | ||
| 260 |
_aNew Delhi _bBPB Publications _c1990 |
||
| 300 | _ax,256 | ||
| 650 | _aProgramming Languages(005.13) | ||
| 999 |
_c182021 _d182021 |
||